SHAZAM Quiz Stats

 Plays Quiz Updated Mar 10, 2020

Support Sporcle.
Go Orange.
Score 0/6 Timer 02:00
0 Plays Today
% Correct
The power of Zeus
94.2%
The strength of Hercules
86.9%
The wisdom of Solomon
72.7%
The speed of Mercury
71%
The stamina of Atlas
58.1%
The courage of Achilles
53.4%

From the Vault

Remove Ads.
Support Sporcle.
Get the best of Sporcle when you Go Orange. This ad-free experience offers more features, more stats, and more fun while also helping to support Sporcle. Thank you for becoming a member.

Show Comments

Extras

Top Quizzes Today


Score Distribution

Your Account Isn't Verified!

In order to create a playlist on Sporcle, you need to verify the email address you used during registration. Go to your Sporcle Settings to finish the process.

Report this User

Report this user for behavior that violates our Community Guidelines.

Details: